000 00358nam a22001577a 4500
003 MACL
005 20151223154433.0
008 151223b xxu||||| |||| 00| 0 eng d
040 _cMACL
041 _aEnglish
082 _a100
100 _aRanciere Jacques
_922505
245 _aThr Future of The Image
650 _aPhilosophy
_922506
942 _2ddc
_cBK
999 _c51722
_d51722